000
00337nam a2200157Ia 4500
008
160316s9999 xxu||||| |||| 00| 0 eng d
082
_a
323.400000
_b
FRE-2
100
_a
Freeden Michael
245
_a
Rights
250
_a
260
_a
_b
Open University Press
_c
0
300
_a
133p
_b
_c
365
_b
650
_a
700
_a
_a
999
_c
15866
_d
15866